IELTS practice tests Plus
Nội dung giới thiệu những kỹ năng và chỉ dẫn thi chương trình IELTS như nghe, nói, đọc, viết...
Сохранить в:
| Главный автор: | |
|---|---|
| Формат: | |
| Язык: | Undetermined |
| Опубликовано: |
Thành phố Hồ Chí Minh
Trẻ
2002
|
| Предметы: | |
| Метки: |
Добавить метку
Нет меток, Требуется 1-ая метка записи!
|
| Thư viện lưu trữ: | Trung tâm Học liệu Trường Đại học Cần Thơ |
|---|
| LEADER | 00801nam a2200193Ia 4500 | ||
|---|---|---|---|
| 001 | CTU_52115 | ||
| 008 | 210402s9999 xx 000 0 und d | ||
| 082 | |a 428.24 | ||
| 082 | |b J26 | ||
| 100 | |a Jakeman, Vanessa | ||
| 245 | 0 | |a IELTS practice tests Plus | |
| 245 | 0 | |c Vanessa Jakeman, Clare McDowell ; First News biên dịch | |
| 260 | |a Thành phố Hồ Chí Minh | ||
| 260 | |b Trẻ | ||
| 260 | |c 2002 | ||
| 520 | |a Nội dung giới thiệu những kỹ năng và chỉ dẫn thi chương trình IELTS như nghe, nói, đọc, viết... | ||
| 650 | |a English language,English language,Test of english as a foreign language | ||
| 650 | |x Examinations,Study guides,Textbooks for foreign speakers,Study guides | ||
| 980 | |a Trung tâm Học liệu Trường Đại học Cần Thơ | ||